| 000 | 00430nam a2200181Ia 4500 | ||
|---|---|---|---|
| 001 | 9998 | ||
| 005 | 20260306161759.0 | ||
| 008 | 260306t1976||||xx |||||||||||||| ||spa|| | ||
| 041 | _aESP | ||
| 082 |
_aPE 869.56 _bR22P |
||
| 100 |
_aRamírez Bejarano, Artemio _eAUT |
||
| 245 | 0 | _aPoemas lonccos arequipeños | |
| 260 | _c1976 | ||
| 300 |
_a101 páginas : _ccm. |
||
| 650 | _aGEN | ||
| 654 | _aCHU | ||
| 942 |
_cLIB _dJUS _fJUS _2ddc _n |
||
| 999 |
_c9998 _d9998 |
||